Statistics for Currencies of the World.

Click here to take the quiz!

General Stats

  • This quiz has been taken 140 times
  • The average score is 129 of 196

Answers on the Map

Answers color-coded by a green-red scale on the quiz's map according to % correct below.
 

Answer Stats

Country% Correct
Dollar
97%
Euro
96%
Dolllar
93%
Pound
93%
pound
93%
Pound Sterling
93%
Yen
93%
Rupee
91%
Peso
90%
Ruble
87%
Franc
86%
Rubble
78%
Yuan
77%
Krone
76%
Dinar
72%
Krona
71%
Lira
71%
Zloty
66%
Rial
65%
Won
64%
Rand
63%
Real
61%
Baht
60%
Bolivar
59%
Dong
58%
Riel
56%
Shilling
56%
Rupiah
55%
Forint
53%
Mark
53%
Riyal
51%
Dirham
49%
Leu
48%
Koruna
47%
Lev
47%
Sol
46%
Lek
45%
Birr
41%
Colon
41%
Denar
40%
Ringgit
40%
Som
40%
Afghani
39%
Escudo
39%
Taka
39%
Tenge
39%
Boliviano
37%
Kwanza
37%
Hryvnia
36%
Naira
36%
Balboa
35%
Cedi
35%
Kip
35%
Guarani
34%
Dram
33%
Manat
33%
Gourde
32%
Kwacha
32%
Rufiyaa
32%
Lempira
31%
Nakfa
31%
Somoni
30%
Tala
30%
Lari
29%
Leone
28%
Ouguiya
28%
Pula
28%
Loti
27%
Vatu
27%
Kina
26%
Ngultrum
26%
Pa'anga
26%
Ariary
25%
Dobra
25%
Kyat
25%
Metical
25%
Lilangeni
24%
Dalasi
23%
Kuna
17%
Tugrik
16%
Sum
11%
Omani
8%
Sheqel
7%
East Caribbean dollar
4%
East Caribbean Dollar
4%
East caribbean Dollar
4%
Uruguayo
3%
East Timor
2%
Oro
2%
Quetzsl
2%
East Carribean Dollar
1%
Shillings
1%

Score Distribution

Percentile by Number Answered

Percent of People with Each Score

Your Score History

You have not taken this quiz